[Event "St Veit op 41st"]
[Site "St Veit"]
[Date "2022.07.13"]
[Round "6"]
[White "Praznik, Anton"]
[Black "Erber, Siegfried"]
[Result "1-0"]
[WhiteElo "2137"]
[BlackElo "1967"]
[PlyCount "117"]
[EventDate "2022.07.09"]
[EventType "swiss"]
[EventRounds "9"]
[EventCountry "AUT"]
[SourceTitle "CBM 209 Extra"]
[Source "ChessBase"]
[SourceDate "2022.09.30"]
[SourceVersion "1"]
[SourceVersionDate "2022.09.30"]
[SourceQuality "1"]

1. e4 c6 2. d3 d5 3. Nd2 e5 4. Ngf3 Bd6 5. d4 exd4 6. exd5 cxd5 7. Nxd4 Nf6 8. Bb5+ Bd7 9. Qe2+ Qe7 10. Bxd7+ Kxd7 11. Qxe7+ Bxe7 12. 0-0 Re8 13. N2f3 Bf8 14. h3 Nc6 15. Be3 a6 16. Rfd1 Rad8 17. Bg5 Kc7 18. Bxf6 gxf6 19. Kf1 Bc5 20. Nb3 Bb6 21. c3 Ne5 22. Nbd4 Nxf3 23. Nxf3 Re4 24. Rd3 Rde8 25. Rxd5 Re2 26. Rd2 Rxd2 27. Nxd2 Rd8 28. Nf3 Bc5 29. Rc1 Rd5 30. Ke2 Kd7 31. Rc2 Ke7 32. Rd2 Rxd2+ 33. Nxd2 f5 34. f4 Bd6 35. g3 Bc5 36. Nf3 h5 37. Ne5 Ke6 38. Nd3 Bd6 39. c4 Be7 40. b4 Kd6 41. Ne5 Ke6 42. Nd3 Kd6 43. Ke3 b5 44. Kd4 bxc4 45. Kxc4 Kc7 46. a4 Kb6 47. h4 Kb7 48. Ne5 f6 49. Nf3 a5 50. b5 Bb4 51. Kd5 Kb6 52. Nd4 Be1 53. Nxf5 Bf2 54. g4 hxg4 55. h5 Bc5 56. h6 g3 57. h7 g2 58. h8Q g1Q 59. Qb8# 1-0

[Event "St Veit op-B 36th"]
[Site "St Veit"]
[Date "2017.07.10"]
[Round "4.10"]
[White "Erber, Siegfried"]
[Black "Gruber, Dietmar"]
[Result "0-1"]
[WhiteElo "1748"]
[BlackElo "2027"]
[PlyCount "76"]
[EventDate "2017.07.08"]
[EventType "swiss"]
[EventRounds "9"]
[EventCountry "AUT"]
[SourceTitle "EXT 2024"]
[Source "ChessBase"]
[SourceDate "2023.10.10"]
[SourceVersion "1"]
[SourceVersionDate "2023.10.10"]
[SourceQuality "1"]

1. e4 e6 2. d4 d5 3. Nd2 Nf6 4. e5 Nfd7 5. Bd3 c5 6. c3 Nc6 7. Ne2 Qb6 8. Nf3 cxd4 9. cxd4 f6 10. exf6 Nxf6 11. 0-0 Bd6 12. Re1 0-0 13. a3 Bd7 14. b4 e5 15. dxe5 Nxe5 16. Nxe5 Bxe5 17. Be3 Qd8 18. Bd4 Bxh2+ 19. Kxh2 Ng4+ 20. Kg3 Nxf2 21. Qd2 Qc7+ 22. Nf4 Nxd3 23. Be5 Nxe5 24. Qxd5+ Nf7 25. Rac1 Bc6 26. Qd4 Nh6 27. Re5 Rae8 28. Qc4+ Kh8 29. Rxe8 Rxe8 30. b5 Qe5 31. bxc6 bxc6 32. Qxc6 Qe3+ 33. Kh2 Qxf4+ 34. g3 Qf2+ 35. Kh1 Rf8 36. Qg2 Qe3 37. Rc7 Qe1+ 38. Qg1 Rf1 0-1